Schaum's Outlines: Probability and Statistics / (Record no. 593571)

000 -LEADER
fixed length control field 00419nam a22001337a 4500
020 ## - INTERNATIONAL STANDARD BOOK NUMBER
International Standard Book Number 9780070151543
082 ## - DEWEY DECIMAL CLASSIFICATION NUMBER
Classification number 519.2
Author Mark SPI
100 ## - MAIN ENTRY--PERSONAL NAME
Personal name Spiegel, Murray R.
245 ## - TITLE STATEMENT
Title Schaum's Outlines: Probability and Statistics /
Statement of responsibility, etc. Murray R Spiegel, John J Schiller & R Alu Srinivasan
250 ## - EDITION STATEMENT
Edition statement 3rd Ed.
260 ## - PUBLICATION, DISTRIBUTION, ETC.
Place of publication, distribution, etc. New Delhi:
Name of publisher, distributor, etc. McGraw Hill Education,
Date of publication, distribution, etc. 2016.
300 ## - PHYSICAL DESCRIPTION
Extent xvii, Invp;
Other physical details Paperback
Dimensions 24cm.
942 ## - ADDED ENTRY ELEMENTS (KOHA)
Source of classification or shelving scheme
Koha item type Book
Holdings
Withdrawn status Lost status Source of classification or shelving scheme Damaged status Not for loan Permanent Location Current Location Shelving location Date acquired Full call number Barcode Date last seen Price effective from Koha item type
          School of Mechanical & Manufacturing Engineering (SMME) School of Mechanical & Manufacturing Engineering (SMME) Aerospace Engineering 03/08/2023 519.2 SPI SMME-3878 03/08/2023 03/08/2023 Book
© 2023 Central Library, National University of Sciences and Technology. All Rights Reserved.